| 000 | 00866nmc a2200301 a 4500 | ||
|---|---|---|---|
| 003 | AR-BaBNM | ||
| 005 | 20251128211806.0 | ||
| 008 | 146020s2006 ||||||||||||||000 | spa|| | ||
| 020 | _a84-277-1509-9 | ||
| 040 | _cAR-BaBNM | ||
| 100 | 1 | _aGarcía-Rincón de Castro, César | |
| 245 | 1 | 0 |
_aEducar la mirada _barquitectura de una mente solidaria |
| 260 |
_aMadrid _bNarcea, S.A. de Ediciones _c2006 |
||
| 300 | 0 | _a141 p. | |
| 490 | 0 | _aColección sociocultural | |
| 504 | _aContiene referencias bibliográficas | ||
| 650 | 4 | _aSOLIDARIDAD | |
| 650 | 4 | _aACTITUD DEL ALUMNO | |
| 650 | 4 | _aRELACIONES INTERPERSONALES | |
| 650 | 4 | _aPERCEPCION | |
| 650 | 4 | _aPROCESO COGNOSCITIVO | |
| 650 | 4 | _aPENSAMIENTO | |
| 653 | 0 | _aEDUCACION EN VALORES | |
| 653 | 0 | _aESTRATEGIAS DIDACTICAS | |
| 800 | 1 | _aPérez Serrano, Gloria | |
| 942 | _cBK | ||
| 998 | _cme-solo cat | ||
| 999 |
_c21132 _d21132 |
||